| 000 | 01313nam0a2200325 i 4500 | ||
|---|---|---|---|
| 001 | RU\NLR\bibl\2019969 | ||
| 005 | 20240921190708.0 | ||
| 010 |
_a9785436700199 _9500 |
||
| 021 |
_aRU _b2013-20688 _91456 |
||
| 035 | _a(nilc)LIBNET\0000204280 | ||
| 035 | _a(NLR Aleph) 002008266 | ||
| 090 |
_a4441305 _c4441305 |
||
| 100 | _a20120127d2011 k y0rusy50 ca | ||
| 101 | 0 | _arus | |
| 102 | _aRU | ||
| 105 | _aa ||||||||| | ||
| 200 | 1 |
_aТенденции и перспективы развития крестьянских (фермерских) хозяйств и их кооперация в Пермском крае _eмонография _fР.Р. Исламиев |
|
| 210 |
_aПермь _cОТ и ДО _d2011 |
||
| 215 |
_a183 с. _cил., табл. _d21 |
||
| 320 | _aБиблиогр.: с. 165-179 (156 назв.) | ||
| 606 | 1 |
_aФермерские хозяйства _yПермская область _92142171 _3RU\NLR\auth\661595557 |
|
| 686 |
_a65.9(2Рос)324 _2rubbk |
||
| 686 | _aУ32(2)194(2Р-4Пе) | ||
| 700 | 1 |
_aИсламиев _bР. Р. _gРалиф Раифович _4070 |
|
| 801 | 0 |
_aRU _bПермская ГОУБ _c20120127 _grcr |
|
| 801 | 1 |
_aRU _bПермская ГОУБ _c20120127 _grcr _2rusmarc |
|
| 801 | 2 |
_aRU _bNLR _c20130405 _grcr |
|
| 942 | _cBOOK | ||
| 980 | _aNBR | ||